[Event "Belgrade Radnicki IM 2nd 03"]
[Site "Belgrade"]
[Date "2024.03.28"]
[Round "9"]
[White "Petrovic, Aleksa"]
[Black "Mijatovic, Dusan"]
[Result "1/2-1/2"]
[WhiteElo "2192"]
[BlackElo "2145"]
[PlyCount "59"]
[EventDate "2024.03.21"]
[EventType "tourn"]
[EventRounds "9"]
[EventCountry "SRB"]
[SourceTitle "CB15_2024"]
[SourceDate "2024.04.10"]
[SourceVersion "1"]
[SourceVersionDate "2024.04.10"]
[SourceQuality "1"]

1. d4 Nf6 2. Nf3 d5 3. c4 e6 4. Nc3 Bb4 5. e3 0-0 6. Bd3 dxc4 7. Bxc4 c5 8. 0-0 cxd4 9. exd4 b6 10. Bf4 Bb7 11. Qd3 Nc6 12. Bb3 h6 13. Bc2 Ne7 14. Rfe1 Ng6 15. Bg3 Bd6 16. Ne5 Bxe5 17. dxe5 Qxd3 18. Bxd3 Nd5 19. Nxd5 Bxd5 20. Ba6 Rfd8 21. f3 Rd7 22. Red1 Rc7 23. b3 Bb7 24. Bc4 Ne7 25. Be1 Nd5 26. Bd2 Rac8 27. Rac1 Kf8 28. Bxd5 Rxc1 29. Rxc1 Rxc1+ 30. Bxc1 1/2-1/2

[Event "Belgrade Radnicki IM 2nd 03"]
[Site "Belgrade"]
[Date "2024.03.24"]
[Round "4"]
[White "Petrovic, Aleksa"]
[Black "Ivanov, Mikhail M"]
[Result "1-0"]
[WhiteElo "2192"]
[BlackElo "2275"]
[PlyCount "71"]
[EventDate "2024.03.21"]
[EventType "tourn"]
[EventRounds "9"]
[EventCountry "SRB"]
[SourceTitle "CB15_2024"]
[SourceDate "2024.04.10"]
[SourceVersion "1"]
[SourceVersionDate "2024.04.10"]
[SourceQuality "1"]

1. d4 d6 2. Nf3 g6 3. e4 Bg7 4. Bc4 c6 5. Bb3 Nf6 6. Qe2 e5 7. 0-0 Qe7 8. Re1 0-0 9. c3 h6 10. Nbd2 Nh5 11. Nf1 a5 12. a4 b6 13. Be3 Nd7 14. Rad1 Ndf6 15. Qc2 Qc7 16. h3 Kh7 17. N1d2 Ba6 18. dxe5 dxe5 19. g4 Nf4 20. Bxf4 exf4 21. e5 Nd5 22. e6 Rae8 23. exf7 Qxf7 24. Ne4 Kh8 25. Nd6 Rxe1+ 26. Rxe1 Qf6 27. Ne8 Qf7 28. Qe4 Bd3 29. Qe6 Qxe6 30. Rxe6 Nf6 31. Nxg7 Kxg7 32. Re7+ Kh8 33. Ne5 Bb1 34. Rb7 g5 35. Nf7+ Kg7 36. Nxg5+ 1-0

[Event "Belgrade Radnicki IM 03"]
[Site "Belgrade"]
[Date "2024.03.16"]
[Round "5"]
[White "Petrovic, Aleksa"]
[Black "Profili, Emilio"]
[Result "1-0"]
[WhiteElo "2192"]
[BlackElo "2129"]
[PlyCount "59"]
[EventDate "2024.03.13"]
[EventType "tourn"]
[EventRounds "9"]
[EventCountry "SRB"]
[SourceTitle "CB13_2024"]
[SourceDate "2024.03.27"]
[SourceVersion "1"]
[SourceVersionDate "2024.03.27"]
[SourceQuality "1"]

1. d4 d5 2. c4 c6 3. Nf3 Nf6 4. Qb3 dxc4 5. Qxc4 Bf5 6. g3 Nbd7 7. Bg2 e6 8. 0-0 Be7 9. Rd1 Ne4 10. e3 h5 11. Nfd2 Ng5 12. e4 Bh3 13. Bxh3 Nxh3+ 14. Kg2 h4 15. Kxh3 hxg3+ 16. Kxg3 Bh4+ 17. Kg2 Qg5+ 18. Kf1 Qf4 19. Qe2 Qxh2 20. Qf3 0-0-0 21. Nc4 Be7 22. Bf4 Qh4 23. Nc3 g5 24. Bg3 g4 25. Qf4 Qh3+ 26. Ke2 e5 27. dxe5 Qg2 28. Rg1 Qf3+ 29. Qxf3 gxf3+ 30. Kxf3 1-0

[Event "Belgrade Radnicki IM 03"]
[Site "Belgrade"]
[Date "2024.03.14"]
[Round "2"]
[White "Alimpic, Aleksa"]
[Black "Petrovic, Aleksa"]
[Result "0-1"]
[WhiteElo "2254"]
[BlackElo "2192"]
[PlyCount "72"]
[EventDate "2024.03.13"]
[EventType "tourn"]
[EventRounds "9"]
[EventCountry "SRB"]
[SourceTitle "CB13_2024"]
[SourceDate "2024.03.27"]
[SourceVersion "1"]
[SourceVersionDate "2024.03.27"]
[SourceQuality "1"]

1. d4 Nf6 2. Bg5 d5 3. e3 c5 4. Bxf6 gxf6 5. dxc5 Nc6 6. a3 e6 7. b4 a5 8. Nd2 axb4 9. axb4 Rxa1 10. Qxa1 Nxb4 11. Qa4+ Nc6 12. Bb5 Bd7 13. Nb3 Rg8 14. Ne2 Be7 15. 0-0 Kf8 16. Rd1 Qc7 17. Bxc6 Bxc6 18. Qf4 Qxf4 19. Nxf4 Ba4 20. Nd3 Kg7 21. Ra1 Bb5 22. Ra5 Bc4 23. Ra7 Rb8 24. f4 Kf8 25. Kf2 Ke8 26. Na5 Bxd3 27. cxd3 Bxc5 28. Rxb7 Rxb7 29. Nxb7 Bb4 30. d4 Kd7 31. Ke2 Kc7 32. Nc5 Bxc5 33. dxc5 Kc6 34. Kd3 Kxc5 35. e4 f5 36. exf5 exf5 0-1

[Event "Pozarevac Rudar IM 02"]
[Site "Pozarevac"]
[Date "2024.02.11"]
[Round "5"]
[White "Spasic, Petar"]
[Black "Petrovic, Aleksa"]
[Result "1-0"]
[WhiteElo "2343"]
[BlackElo "2248"]
[PlyCount "61"]
[EventDate "2024.02.08"]
[EventType "tourn"]
[EventRounds "9"]
[EventCountry "SRB"]
[SourceTitle "CB08_2024"]
[SourceDate "2024.02.21"]
[SourceVersion "1"]
[SourceVersionDate "2024.02.21"]
[SourceQuality "1"]

1. d4 Nf6 2. c4 e6 3. Nf3 b6 4. g3 Ba6 5. Qc2 Bb4+ 6. Bd2 Be7 7. Bg2 d5 8. cxd5 exd5 9. Nc3 0-0 10. 0-0 Re8 11. Ne5 Bb7 12. Rfd1 h6 13. Bf4 Bf8 14. Qb3 Re7 15. h4 Na6 16. Rac1 c5 17. Qa4 Qe8 18. dxc5 Qxa4 19. Nxa4 bxc5 20. e3 Rae8 21. Nd3 c4 22. Ndc5 Bc6 23. b3 Bxa4 24. Nxa4 cxb3 25. axb3 Rb7 26. Bf1 Nb8 27. Nc3 Ba3 28. Rc2 Rc8 29. Rdd2 Kf8 30. Nb5 Bc5 31. Nd6 1-0

[Event "Pozarevac Rudar IM 02"]
[Site "Pozarevac"]
[Date "2024.02.08"]
[Round "1"]
[White "Mesic, Ismet"]
[Black "Petrovic, Aleksa"]
[Result "0-1"]
[WhiteElo "2232"]
[BlackElo "2248"]
[PlyCount "96"]
[EventDate "2024.02.08"]
[EventType "tourn"]
[EventRounds "9"]
[EventCountry "SRB"]
[SourceTitle "CB08_2024"]
[SourceDate "2024.02.21"]
[SourceVersion "1"]
[SourceVersionDate "2024.02.21"]
[SourceQuality "1"]

1. d4 Nf6 2. c4 e6 3. Nc3 Bb4 4. e3 0-0 5. Bd2 b6 6. Nf3 Bb7 7. Bd3 d5 8. cxd5 exd5 9. Rc1 a6 10. 0-0 Bd6 11. Ne5 c5 12. f4 Nc6 13. Ng4 Nb4 14. Bb1 cxd4 15. exd4 Be7 16. Nxf6+ Bxf6 17. Ne2 Qd6 18. Qb3 a5 19. a3 Rfe8 20. Ng3 Nc6 21. Nf5 Qd8 22. Kh1 Nxd4 23. Nxd4 Bxd4 24. Qd3 Re4 25. Qh3 Bxb2 26. Rcd1 Qe7 27. Bxe4 dxe4 28. Bc1 Bxc1 29. Rxc1 e3 30. Rfe1 Qxa3 31. Rb1 Qa2 32. Rxb6 Be4 33. Qg3 h5 34. h4 Re8 35. f5 Qd2 36. Rg1 Bxf5 37. Rb5 Bg6 38. Kh2 Re4 39. Re1 Kh7 40. Rg1 a4 41. Re5 Rg4 42. Qxe3 Rxh4+ 43. Kg3 Rg4+ 44. Kh2 Qd6 45. g3 a3 46. Ra5 Rh4+ 47. Kg2 Be4+ 48. Kf2 Rh2+ 0-1

[Event "Pozarevac Rudar IM-B 01"]
[Site "Pozarevac"]
[Date "2024.02.06"]
[Round "8.3"]
[White "Petrovic, Aleksa"]
[Black "Yilmaz, Baver"]
[Result "1-0"]
[WhiteElo "2248"]
[BlackElo "2261"]
[PlyCount "151"]
[EventDate "2024.01.31"]
[EventType "tourn"]
[EventRounds "9"]
[EventCountry "SRB"]
[SourceTitle "CB07_2024"]
[SourceDate "2024.02.14"]
[SourceVersion "1"]
[SourceVersionDate "2024.02.14"]
[SourceQuality "1"]
[WhiteTeam "TIeam B"]
[BlackTeam "TIeam D"]
[WhiteTeamCountry "SRB"]
[BlackTeamCountry "SRB"]

1. d4 Nf6 2. c4 g6 3. Nc3 d5 4. e3 Bg7 5. Qb3 dxc4 6. Bxc4 0-0 7. Nf3 c6 8. Ne5 e6 9. 0-0 Nbd7 10. Nxd7 Nxd7 11. Rd1 b6 12. e4 Bb7 13. Be3 Qe7 14. d5 cxd5 15. exd5 Ne5 16. dxe6 Nxc4 17. Qxc4 fxe6 18. Qb5 Rad8 19. Rxd8 Rxd8 20. Bg5 Bf6 21. Bxf6 Qxf6 22. Rd1 Rf8 23. Qe2 Rf7 24. Qd2 Qf5 25. Qe3 h5 26. f3 Kh7 27. Re1 Re7 28. Qd4 Qf7 29. Qd6 Qf6 30. Re5 h4 31. h3 Kg7 32. Nd1 Bc8 33. Nf2 Rd7 34. Qb8 Qd8 35. Re1 Qc7 36. Qxc7 Rxc7 37. Nd3 Kf6 38. Re4 Rc2 39. Rf4+ Kg7 40. Rxh4 Rd2 41. Rc4 Ba6 42. Rc7+ Kf6 43. Nf2 Rxb2 44. Ng4+ Kg5 45. Rf7 Kh4 46. Kh2 e5 47. Rxa7 Bf1 48. Rh7+ Kg5 49. h4+ Kf5 50. Ne3+ Kf6 51. Nxf1 Rxa2 52. Rb7 Rb2 53. Ne3 b5 54. Nd5+ Kf5 55. Rb6 e4 56. fxe4+ Ke5 57. Nc7 b4 58. Na6 b3 59. Nc5 Rc2 60. Nxb3 Kxe4 61. Rxg6 Rc8 62. Rg3 Rh8 63. Rh3 Kf4 64. h5 Kg5 65. h6 Rh7 66. Nd4 Kf6 67. Nf3 Kf5 68. Rh5+ Kg4 69. Rh4+ Kf5 70. Kh3 Kg6 71. Kg4 Kf6 72. Kh5 Kf5 73. Ra4 Re7 74. g4+ Kf6 75. Ra6+ Kf7 76. Ng5+ 1-0

[Event "Pozarevac Rudar IM-B 01"]
[Site "Pozarevac"]
[Date "2024.01.31"]
[Round "1.3"]
[White "Ilincic, Zlatko"]
[Black "Petrovic, Aleksa"]
[Result "1/2-1/2"]
[WhiteElo "2291"]
[BlackElo "2248"]
[PlyCount "22"]
[EventDate "2024.01.31"]
[EventType "tourn"]
[EventRounds "9"]
[EventCountry "SRB"]
[SourceTitle "CB07_2024"]
[SourceDate "2024.02.14"]
[SourceVersion "1"]
[SourceVersionDate "2024.02.14"]
[SourceQuality "1"]
[WhiteTeam "TIeam A"]
[BlackTeam "TIeam B"]
[WhiteTeamCountry "SRB"]
[BlackTeamCountry "SRB"]

1. d4 Nf6 2. Nf3 g6 3. c4 Bg7 4. Nc3 0-0 5. e4 d6 6. Be2 Bg4 7. Be3 Nfd7 8. h3 Bxf3 9. Bxf3 e5 10. dxe5 dxe5 11. Qd2 Nc6 1/2-1/2

[Event "Pozarevac Rudar GM 01"]
[Site "Pozarevac"]
[Date "2024.01.28"]
[Round "7.2"]
[White "Akbas, Umut Ata"]
[Black "Petrovic, Aleksa"]
[Result "1-0"]
[WhiteElo "2438"]
[BlackElo "2248"]
[PlyCount "185"]
[EventDate "2024.01.24"]
[EventType "tourn"]
[EventRounds "9"]
[EventCountry "SRB"]
[SourceTitle "CB06_2024"]
[SourceDate "2024.02.07"]
[SourceVersion "1"]
[SourceVersionDate "2024.02.07"]
[SourceQuality "1"]
[WhiteTeam "Team C"]
[BlackTeam "Team D"]
[WhiteTeamCountry "SRB"]
[BlackTeamCountry "SRB"]

1. Nf3 Nf6 2. c4 e6 3. g3 b6 4. Bg2 Bb7 5. 0-0 Be7 6. Nc3 0-0 7. Re1 Ne4 8. Nxe4 Bxe4 9. d3 Bb7 10. Bd2 c5 11. e4 Nc6 12. Rb1 d6 13. a3 Bf6 14. Be3 d5 15. Qa4 dxe4 16. dxe4 Nd4 17. Bxd4 Bxd4 18. Rbd1 f6 19. Bh3 Qd6 20. Nxd4 cxd4 21. Qb4 Rad8 22. Qxd6 Rxd6 23. e5 fxe5 24. Rxe5 Kf7 25. Bf1 a5 26. Bd3 h6 27. f4 Rc8 28. b3 Ba6 29. a4 Rc5 30. Rde1 Rdc6 31. R5e4 Rd6 32. Kf2 g5 33. fxg5 hxg5 34. Ke2 Bb7 35. Rf1+ Rf5 36. Rg4 Rxf1 37. Kxf1 e5 38. Ke2 Rh6 39. h4 gxh4 40. gxh4 Bc8 41. Rg5 Kf6 42. Kf3 Bb7+ 43. Kf2 e4 44. Rb5 Ke7 45. Be2 Rf6+ 46. Ke1 d3 47. Bg4 Rf4 48. Bd1 Bc6 49. Rxb6 Kd6 50. Kd2 Kc5 51. Rb8 Rxh4 52. Rc8 Rh2+ 53. Ke3 Rb2 54. Rd8 Rb1 55. Kd2 Kb6 56. Rd4 Bb7 57. Rd8 Kc5 58. Re8 Bc6 59. Re6 Bb7 60. Re8 Kd6 61. Rd8+ Ke7 62. Rh8 Kd6 63. Rd8+ Ke7 64. Rh8 Kf6 65. Rb8 Bd5 66. cxd5 Ke5 67. d6 Kxd6 68. Rb5 e3+ 69. Kxe3 Rxd1 70. Rxa5 Kc6 71. Rb5 Kd6 72. Kd4 Kc6 73. Kc4 Rd2 74. Rc5+ Kb6 75. Rd5 Rc2+ 76. Kxd3 Rc8 77. b4 Rc1 78. Rd6+ Kb7 79. Rh6 Rg1 80. a5 Rg3+ 81. Kc4 Rg4+ 82. Kb5 Rg5+ 83. Ka4 Ka7 84. Rh7+ Ka8 85. a6 Rf5 86. b5 Rf6 87. Ka5 Rf8 88. Rh5 Rg8 89. b6 Rf8 90. Kb5 Rg8 91. Rc5 Rb8 92. Rd5 Rh8 93. a7 1-0

[Event "Pozarevac Rudar GM 01"]
[Site "Pozarevac"]
[Date "2024.01.26"]
[Round "3.3"]
[White "Petrovic, Aleksa"]
[Black "Kotronias, Vasilios"]
[Result "1/2-1/2"]
[WhiteElo "2248"]
[BlackElo "2453"]
[PlyCount "127"]
[EventDate "2024.01.24"]
[EventType "tourn"]
[EventRounds "9"]
[EventCountry "SRB"]
[SourceTitle "CB06_2024"]
[SourceDate "2024.02.07"]
[SourceVersion "1"]
[SourceVersionDate "2024.02.07"]
[SourceQuality "1"]
[WhiteTeam "Team D"]
[BlackTeam "Team A"]
[WhiteTeamCountry "SRB"]
[BlackTeamCountry "SRB"]

1. e4 c5 2. Nf3 Nc6 3. Bb5 g6 4. Bxc6 dxc6 5. d3 Bg7 6. Nc3 c4 7. 0-0 cxd3 8. cxd3 Bg4 9. h3 Bxf3 10. Qxf3 Nf6 11. Rd1 e5 12. Be3 0-0 13. d4 exd4 14. Rxd4 Nd7 15. Rd2 Qe7 16. Bd4 Ne5 17. Qg3 Rfd8 18. Rad1 Nc4 19. Bc5 Qe8 20. Rxd8 Rxd8 21. Qc7 Rxd1+ 22. Nxd1 b6 23. Be7 Nxb2 24. Ne3 h5 25. Qxa7 b5 26. g4 Nc4 27. gxh5 Nxe3 28. fxe3 Qc8 29. hxg6 fxg6 30. Bc5 Qe6 31. Qb8+ Kh7 32. Qf4 Qxh3 33. Bd4 Qd7 34. Qh2+ Kg8 35. Qb8+ Bf8 36. Qe5 Qd6 37. Qh8+ Kf7 38. Qh7+ Ke8 39. e5 Qe6 40. Qb7 Be7 41. a4 bxa4 42. Qa8+ Kf7 43. Qxa4 Qg4+ 44. Kf1 c5 45. Qa2+ Qe6 46. Qf2+ Qf5 47. Qxf5+ gxf5 48. Bc3 Ke6 49. Ke2 Kd5 50. Kf3 Bg5 51. Bb2 Bh6 52. Bc3 c4 53. Bb2 Bg5 54. Bc3 Ke6 55. Bb2 Kd5 56. Bc3 Kc5 57. Ke2 Kb5 58. Kf3 Ka4 59. e4 Kb3 60. Ba5 f4 61. e6 c3 62. Bxc3 Kxc3 63. e7 Bxe7 64. Kxf4 1/2-1/2

[Event "Pozarevac Rudar GM 01"]
[Site "Pozarevac"]
[Date "2024.01.25"]
[Round "2.3"]
[White "Krishna Teja, N."]
[Black "Petrovic, Aleksa"]
[Result "1-0"]
[WhiteElo "2349"]
[BlackElo "2248"]
[PlyCount "77"]
[EventDate "2024.01.24"]
[EventType "tourn"]
[EventRounds "9"]
[EventCountry "SRB"]
[SourceTitle "CB06_2024"]
[SourceDate "2024.02.07"]
[SourceVersion "1"]
[SourceVersionDate "2024.02.07"]
[SourceQuality "1"]
[WhiteTeam "Team B"]
[BlackTeam "Team D"]
[WhiteTeamCountry "SRB"]
[BlackTeamCountry "SRB"]

1. d4 Nf6 2. c4 e6 3. Nf3 Bb4+ 4. Nbd2 b6 5. e3 Bb7 6. Bd3 0-0 7. 0-0 d5 8. Qc2 c5 9. cxd5 exd5 10. dxc5 bxc5 11. a3 Bxd2 12. Bxd2 Nbd7 13. b4 Rc8 14. bxc5 Nxc5 15. Bf5 Ne6 16. Qb2 Rb8 17. Bb4 Re8 18. Rfd1 Qb6 19. Qe5 Ng5 20. Qd4 Nxf3+ 21. gxf3 Qa6 22. Rac1 Bc8 23. Bd3 Qe6 24. Qxa7 Bd7 25. Qd4 Qh3 26. Bd6 Qxf3 27. Bxb8 Bh3 28. Bf1 Rxb8 29. Qe5 Ra8 30. Qg3 Qxg3+ 31. hxg3 Bf5 32. Rc3 Ne4 33. Rcd3 Nf6 34. Rc3 Ne4 35. Rb3 Ng5 36. Bd3 Nf3+ 37. Kg2 Bg4 38. Rdb1 Rf8 39. Be2 1-0

[Event "Pozarevac Rudar GM3 11"]
[Site "Pozarevac"]
[Date "2023.11.23"]
[Round "8"]
[White "Petrovic, Aleksa"]
[Black "Spasov, Vasil"]
[Result "1/2-1/2"]
[WhiteElo "2347"]
[BlackElo "2481"]
[PlyCount "47"]
[EventDate "2023.11.17"]
[EventType "tourn"]
[EventRounds "9"]
[EventCountry "SRB"]
[EventCategory "7"]
[SourceTitle "CB49_2023"]
[SourceDate "2023.12.06"]
[SourceVersion "1"]
[SourceVersionDate "2023.12.06"]
[SourceQuality "1"]

1. e4 e5 2. Nf3 Nf6 3. Nxe5 d6 4. Nf3 Nxe4 5. Qe2 Qe7 6. d3 Nf6 7. Bg5 Qxe2+ 8. Bxe2 Be7 9. Nc3 c6 10. 0-0-0 Nbd7 11. Rhe1 h6 12. Bh4 0-0 13. Bf1 Re8 14. Ne4 Kf8 15. Bg3 Nxe4 16. dxe4 Nf6 17. h3 d5 18. exd5 Nxd5 19. a3 Be6 20. Bd3 Bf6 21. Bd6+ Be7 22. Bg3 Bf6 23. Bd6+ Be7 24. Bg3 1/2-1/2

[Event "Pozarevac Rudar GM3 11"]
[Site "Pozarevac"]
[Date "2023.11.19"]
[Round "4"]
[White "Dimitrov, Radoslav"]
[Black "Petrovic, Aleksa"]
[Result "1-0"]
[WhiteElo "2518"]
[BlackElo "2347"]
[PlyCount "69"]
[EventDate "2023.11.17"]
[EventType "tourn"]
[EventRounds "9"]
[EventCountry "SRB"]
[EventCategory "7"]
[SourceTitle "CB49_2023"]
[SourceDate "2023.12.06"]
[SourceVersion "1"]
[SourceVersionDate "2023.12.06"]
[SourceQuality "1"]

1. c4 c6 2. d4 Nf6 3. Nf3 d5 4. Nc3 a6 5. g3 b5 6. c5 g6 7. Bg2 Bg7 8. 0-0 0-0 9. Bf4 Nh5 10. Bd2 Nd7 11. e4 b4 12. Ne2 dxe4 13. Ng5 e5 14. Nxe4 exd4 15. Bg5 f6 16. Nxd4 fxg5 17. Nxc6 Qc7 18. Nxg5 Ndf6 19. Re1 Ra7 20. Nxa7 Qxa7 21. Qb3+ Kh8 22. Qxb4 Ng4 23. Ne6 Bxe6 24. Rxe6 Ne5 25. Rf1 Nd3 26. Qb6 Qf7 27. Rd6 Ne5 28. Rd8 Nf6 29. Rxf8+ Bxf8 30. b4 Nd5 31. Qb8 Nf3+ 32. Bxf3 Qxf3 33. Re1 h5 34. Re8 Kg8 35. Qa8 1-0

[Event "Pozarevac Rudar GM3 11"]
[Site "Pozarevac"]
[Date "2023.11.17"]
[Round "1"]
[White "Petrovic, Aleksa"]
[Black "Chen, Kailin"]
[Result "1/2-1/2"]
[WhiteElo "2347"]
[BlackElo "2339"]
[PlyCount "56"]
[EventDate "2023.11.17"]
[EventType "tourn"]
[EventRounds "9"]
[EventCountry "SRB"]
[EventCategory "7"]
[SourceTitle "CB49_2023"]
[SourceDate "2023.12.06"]
[SourceVersion "1"]
[SourceVersionDate "2023.12.06"]
[SourceQuality "1"]

1. d4 e6 2. Nf3 d5 3. g3 Nf6 4. Bg2 Be7 5. c4 0-0 6. 0-0 dxc4 7. Qc2 a6 8. a4 Bd7 9. Bg5 Bc6 10. Bxf6 Bxf6 11. Rd1 Bxf3 12. Bxf3 c6 13. a5 Nd7 14. Nd2 Qc7 15. Nxc4 Rad8 16. Ra3 g6 17. Kg2 Rfe8 18. h4 h5 19. b4 Nf8 20. e3 Qe7 21. Qb2 Bg7 22. Rad3 e5 23. dxe5 Rxd3 24. Rxd3 Nd7 25. Bd1 Nxe5 26. Nxe5 Bxe5 27. Qd2 Bf6 28. Bb3 Rd8 1/2-1/2

[Event "Pozarevac Rudar 18th"]
[Site "Pozarevac"]
[Date "2023.11.10"]
[Round "4"]
[White "Petrovic, Aleksa"]
[Black "Besedes, Danilo"]
[Result "0-1"]
[WhiteElo "2347"]
[BlackElo "2277"]
[PlyCount "82"]
[EventDate "2023.11.07"]
[EventType "schev"]
[EventRounds "8"]
[EventCountry "SRB"]
[SourceTitle "CB46_2023"]
[SourceDate "2023.11.15"]
[SourceVersion "1"]
[SourceVersionDate "2023.11.15"]
[SourceQuality "1"]
[WhiteTeam "Team B"]
[BlackTeam "Team C"]
[WhiteTeamCountry "SRB"]
[BlackTeamCountry "SRB"]

1. d4 d5 2. Nf3 c6 3. g3 Nf6 4. Bg2 Bf5 5. Nh4 e6 6. Nxf5 exf5 7. Qd3 g6 8. 0-0 Bg7 9. c4 dxc4 10. Qxc4 0-0 11. Rd1 Nbd7 12. Qb3 Qb6 13. Qc2 Rfe8 14. Na3 Rad8 15. Nc4 Qa6 16. Bf1 Nb6 17. e3 Nxc4 18. Bxc4 Qb6 19. Bd2 Ne4 20. Be1 c5 21. dxc5 Nxc5 22. Rab1 Ne4 23. b4 Rxd1 24. Rxd1 Rd8 25. Bd5 Bf6 26. a4 Kg7 27. Rd3 Re8 28. Bb3 Re7 29. h4 Rc7 30. a5 Rxc2 31. axb6 Rc1 32. bxa7 Rxe1+ 33. Kg2 Ra1 34. f3 Nxg3 35. Rd7 Nh5 36. Rxb7 f4 37. Rxf7+ Kh6 38. Kf2 Ra3 39. b5 fxe3+ 40. Kxe3 Bd8 41. Rb7 Rxb3+ 0-1

[Event "Pozarevac Rudar 18th"]
[Site "Pozarevac"]
[Date "2023.11.09"]
[Round "3"]
[White "Shoshin, Kirill"]
[Black "Petrovic, Aleksa"]
[Result "1-0"]
[WhiteElo "2250"]
[BlackElo "2347"]
[PlyCount "151"]
[EventDate "2023.11.07"]
[EventType "schev"]
[EventRounds "8"]
[EventCountry "SRB"]
[SourceTitle "CB46_2023"]
[SourceDate "2023.11.15"]
[SourceVersion "1"]
[SourceVersionDate "2023.11.15"]
[SourceQuality "1"]
[WhiteTeam "Team C"]
[BlackTeam "Team B"]
[WhiteTeamCountry "SRB"]
[BlackTeamCountry "SRB"]

1. d4 d5 2. Nf3 Nf6 3. Bf4 c6 4. e3 Qb6 5. Qc1 Bf5 6. c4 e6 7. c5 Qd8 8. b4 Be7 9. h3 0-0 10. Be2 Re8 11. 0-0 Nfd7 12. Nc3 h6 13. b5 Nf8 14. Qb2 Qc8 15. a4 a5 16. bxa6 Nxa6 17. Ra3 Nd7 18. Rb3 Naxc5 19. dxc5 Nxc5 20. Rb6 Bd8 21. Rb4 Ba5 22. Rd4 Bxc3 23. Qxc3 Nxa4 24. Qc1 f6 25. Bd1 b5 26. Bxa4 bxa4 27. Bd6 Qd7 28. Qa3 Be4 29. Bc5 e5 30. Rxa4 Rxa4 31. Qxa4 Bxf3 32. gxf3 Qxh3 33. Qxc6 Rd8 34. Bb6 e4 35. Qc7 Rc8 36. Qg3 Qxg3+ 37. fxg3 exf3 38. Kf2 Kf7 39. Kxf3 Ke6 40. Bd4 Kf5 41. Ra1 Rd8 42. Ra7 Kg6 43. Ke2 h5 44. Rb7 Rh8 45. Rd7 h4 46. gxh4 Rxh4 47. Rxd5 Re4 48. Rd7 Re8 49. Kd3 Rc8 50. Ke4 Re8+ 51. Kd5 Rc8 52. Re7 Rd8+ 53. Ke6 Ra8 54. Ra7 Re8+ 55. Kd7 Rb8 56. Ke7 Rc8 57. Rb7 Ra8 58. Rb1 Kf5 59. Kf7 Ke4 60. Kxg7 Ra6 61. Rf1 f5 62. Rf4+ Kd3 63. Rxf5 Re6 64. Rf6 Re4 65. Kg6 Re8 66. Kf5 Ra8 67. Re6 Ra5+ 68. Kf4 Rb5 69. Rc6 Rb4 70. Rc3+ Kd2 71. Ra3 Rc4 72. Ke4 Rc8 73. Kf5 Rd8 74. Bf6 Rd5+ 75. Be5 Rd8 76. e4 1-0

[Event "Pozarevac Rudar IM 11"]
[Site "Pozarevac"]
[Date "2023.10.30"]
[Round "1.1"]
[White "Petrovic, Aleksa"]
[Black "Milosevic, Aleksandar"]
[Result "1-0"]
[WhiteElo "2280"]
[BlackElo "2162"]
[PlyCount "113"]
[EventDate "2023.10.30"]
[EventType "tourn"]
[EventRounds "9"]
[EventCountry "SRB"]
[SourceTitle "CB46_2023"]
[SourceDate "2023.11.15"]
[SourceVersion "1"]
[SourceVersionDate "2023.11.15"]
[SourceQuality "1"]

1. d4 Nf6 2. g3 c5 3. d5 e6 4. Nc3 b5 5. Bg2 Bb7 6. e4 b4 7. Nce2 d6 8. dxe6 fxe6 9. Nf4 e5 10. Nd5 Nbd7 11. Nh3 h6 12. Bf1 Nb6 13. Bb5+ Kf7 14. 0-0 Nbxd5 15. Bc4 Qd7 16. f4 Qxh3 17. fxe5 Kg6 18. exd5 dxe5 19. Qe2 Re8 20. a3 b3 21. Bxb3 Bd6 22. c4 Rhf8 23. Bc2+ e4 24. Bf4 Qd7 25. b4 Kh7 26. Ba4 Qe7 27. Bxd6 Qxd6 28. Bxe8 Rxe8 29. Qe3 Rc8 30. b5 Rc7 31. a4 Bc8 32. a5 Bh3 33. Rfb1 Bf5 34. b6 axb6 35. Rxb6 Qe5 36. Rd1 Rf7 37. Qf4 Qxf4 38. gxf4 Nh5 39. a6 Nxf4 40. Rb7 Rf6 41. a7 Nh3+ 42. Kg2 Rg6+ 43. Kf1 Rg1+ 44. Ke2 Bg4+ 45. Ke3 Rxd1 46. a8Q Bf3 47. Rb3 Re1+ 48. Kd2 Re2+ 49. Kc1 Nf2 50. d6 Re1+ 51. Kb2 Nd1+ 52. Ka2 Re2+ 53. Ka3 Bg4 54. Qd5 Nf2 55. d7 Re1 56. d8Q Nd3 57. Q8g8+ 1-0

[Event "Pozarevac Rudar 16th"]
[Site "Pozarevac"]
[Date "2023.08.18"]
[Round "8"]
[White "Nestorovic, Lazar"]
[Black "Petrovic, Aleksa"]
[Result "0-1"]
[WhiteElo "2352"]
[BlackElo "2262"]
[PlyCount "98"]
[EventDate "2023.08.11"]
[EventType "tourn"]
[EventRounds "9"]
[EventCountry "SRB"]
[EventCategory "1"]
[SourceTitle "EXT 2024"]
[Source "ChessBase"]
[SourceDate "2023.10.10"]
[SourceVersion "1"]
[SourceVersionDate "2023.10.10"]
[SourceQuality "1"]

1. Nf3 d5 2. g3 c6 3. Bg2 Bf5 4. 0-0 e6 5. d3 Nf6 6. Nbd2 h6 7. b3 Be7 8. Bb2 0-0 9. Re1 Bh7 10. e4 a5 11. a3 Na6 12. Qe2 Nc5 13. Ne5 Nfd7 14. Nxd7 Qxd7 15. Qg4 Bg6 16. Nf3 h5 17. Qf4 f6 18. Qe3 Rae8 19. Bd4 Na6 20. Bh3 c5 21. Bb2 d4 22. Qd2 Bd8 23. c3 dxc3 24. Bxc3 Qb5 25. Bf1 Qb6 26. d4 cxd4 27. Nxd4 Nc5 28. Qc2 e5 29. Bc4+ Bf7 30. Nb5 Ne6 31. Rad1 Ng5 32. Qe2 h4 33. Nd6 Bxc4 34. bxc4 Re6 35. Nf5 hxg3 36. hxg3 Qc6 37. Rd5 Bb6 38. Rb1 Rc8 39. Rd6 Bxf2+ 40. Qxf2 Qxe4 41. Qb2 Qxf5 42. Rxe6 Qxe6 43. Qxb7 Qxc4 44. Bxa5 Kh7 45. Be1 Rc6 46. Qb2 Qe4 47. Qh2+ Kg6 48. Qg2 Nf3+ 49. Kf1 Rc2 0-1

[Event "Pozarevac Rudar 16th"]
[Site "Pozarevac"]
[Date "2023.08.17"]
[Round "7"]
[White "Sabuk, Piotr"]
[Black "Petrovic, Aleksa"]
[Result "1/2-1/2"]
[WhiteElo "2391"]
[BlackElo "2262"]
[PlyCount "114"]
[EventDate "2023.08.11"]
[EventType "tourn"]
[EventRounds "9"]
[EventCountry "SRB"]
[EventCategory "1"]
[SourceTitle "EXT 2024"]
[Source "ChessBase"]
[SourceDate "2023.10.10"]
[SourceVersion "1"]
[SourceVersionDate "2023.10.10"]
[SourceQuality "1"]

1. d4 d5 2. c4 c6 3. Nf3 Nf6 4. Qb3 Qb6 5. Nc3 Bf5 6. c5 Qc7 7. Bf4 Qc8 8. h3 e6 9. e3 Be7 10. Be2 0-0 11. 0-0 Nbd7 12. Qa4 Ne4 13. Rfc1 Nxc3 14. Rxc3 Be4 15. Nd2 Bg6 16. b4 a6 17. Qd1 Bd8 18. a4 Bc7 19. b5 e5 20. dxe5 axb5 21. axb5 Bxe5 22. Bxe5 Nxe5 23. b6 f5 24. Ra7 f4 25. Qa4 Rb8 26. exf4 Qf5 27. Re3 Nf7 28. Qd4 Nd8 29. Bg4 Qxf4 30. Nf3 Qxd4 31. Nxd4 Rf4 32. Ra4 Bc2 33. Rb4 Bg6 34. g3 Re4 35. Rxe4 Bxe4 36. Ra4 Kf7 37. h4 Ke7 38. f3 Bg6 39. Kf2 Kf6 40. Ke3 h5 41. Bd7 Bf7 42. Ra7 Be6 43. Be8 g6 44. Kf4 Bf7 45. Bd7 Be6 46. Bxe6 Nxe6+ 47. Nxe6 Kxe6 48. Ke3 Ke5 49. Kd3 Kf5 50. Kd4 Kf6 51. g4 Ke6 52. Ke3 Ke5 53. Ra4 Rd8 54. f4+ Kf6 55. f5 gxf5 56. gxh5 Re8+ 57. Kf3 Ke5 1/2-1/2